Statistics for Opening Lines of Movies

Click here to take the quiz!

General Stats

  • This quiz has been taken 34,199 times
    (22,568 since last reset)
  • The average score is 7 of 16

Answer Stats

Opening LineMovie% Correct
(scrolling text) A long time ago in a galaxy far far away...Star Wars
99%
Please, sir, can I have some more?Oliver
69%
It was the summer of 1963, when everybody called me Baby
and it didn't occur to me to mind
Dirty Dancing
53%
As far back as I can remember, I always wanted to be a gangsterGoodfellas
52%
The key to faking out the parents is the clammy handsFerris Bueller's Day Off
51%
Three billion human lives ended on August 29, 1997. The survivors of the
nuclear fire called the war Judgment Day
Terminator 2:
Judgement Day
50%
I'm 36 years old, I love my family, I love baseball, and I'm about to become a farmer.
But until I heard the voice, I'd never done a crazy thing in my whole life
Field of Dreams
46%
I believe in America. America has made my fortuneThe Godfather
43%
I was 12 going on 13 the first time I saw a dead human beingStand by Me
36%
Too much garbage in your face? There's plenty of space out in space!
BnL StarLiners leaving each day. We'll clean up the mess while you're away
WALL-E
36%
I owe everything to George Bailey. Help him, dear FatherIt's A Wonderful Life
35%
We were somewhere around Barstow on the edge of the desert
when the drugs began to take hold
Fear and Loathing
in Las Vegas
28%
There was me, that is Alex, and my three droogs, that is Pete, Georgie Boy and DimA Clockwork Orange
27%
Choose life. Choose a job. Choose a career. Choose a familyTrainspotting
26%
Let me tell you what "Like a Virgin" is aboutReservoir Dogs
23%
I was born a poor black childThe Jerk
19%

Score Distribution

Percentile by Number Answered

Percent of People with Each Score

Your Score History

You have not taken this quiz since the last reset